| 000 | 00978cam a2200289 i 4500 | ||
|---|---|---|---|
| 001 | 328876 | ||
| 003 | OSt | ||
| 005 | 20160412160550.0 | ||
| 008 | 751113s1975 mdu b 000 0 eng | ||
| 010 | _a 75040228 | ||
| 020 |
_a0801818176. _a0801818184 |
||
| 040 |
_aDLC _cDLC _dDLC |
||
| 050 | 0 | 0 |
_aHD47 _b.S67 |
| 082 | 0 | 0 |
_a658.1 _bSQU 1975 |
| 100 | 1 |
_aSquire, Lyn, _d1946- _97740 |
|
| 245 | 1 | 0 |
_aEconomic analysis of projects / _cLyn Squire, Herman G. van der Tak. |
| 260 |
_aBaltimore : _bPublished for the World Bank [by] Johns Hopkins University Press, _c1975. |
||
| 300 |
_axi, 153 p. ; _c23 cm. |
||
| 440 | 2 |
_aA World Bank research publication _97741 |
|
| 504 | _aBibliography: p. 151-153. | ||
| 650 | 0 |
_aEconomic development projects _xEvaluation. _97742 |
|
| 650 | 0 |
_aExpenditures, Public. _97743 |
|
| 700 | 1 |
_aTak, Herman G. van der, _ejoint author. _97744 |
|
| 710 | 2 |
_aWorld Bank. _9955 |
|
| 906 |
_a7 _bcbc _corignew _d1 _eocip _f19 _gy-gencatlg |
||
| 942 |
_2ddc _cSLOAN |
||
| 999 |
_c3465 _d3465 |
||